000 00585nam a2200193Ia 4500
003 IN-BaIIA
008 211028s9999 xx 000 0 eng d
040 _cIIA Library
080 _a535.8
_bJOH
100 _aJohnson, B. K.
_92011
245 0 _aOptical design and lens computation
_cB. K. Johnson
260 _aLondon
_bThe Hatton Press
_c1948
300 _aviii, 175p.
650 _aAstronomy and Astrophysics Thesaurus
650 _aOptical Design
_92012
650 _aOptical Instruments
_92013
650 _aOptics
_92014
942 _cBK
999 _c937
_d937